000 00564nam a2200217Ia 4500
003 OSt
005 20220928145128.0
006 a|||||r|||| 00| 0
007 ta
008 220927b |||||||| |||| 00| 0 eng d
024 _a79044
037 _cAnnuals, Advances
040 _aSDCL
_cSDCL
_beng
041 _2eng
_aeng
082 _aO-91N48:g, M9
100 _aDhawan R K Ed.
_9511835
245 0 _aRecent commonwealth literature.
260 _c1989
942 _hO-91N48:g, M9
_cREF
_2CC
999 _c832176
_d832176